| 000 | 00436nam a2200145 4500 | ||
|---|---|---|---|
| 005 | 20260313092859.0 | ||
| 008 | 260313b |||||||| |||| 00| 0 eng d | ||
| 020 | _a0073659355 | ||
| 100 | _aBeer P. Ferdinand, Johnston E. Russell & Dewolf T. John | ||
| 245 |
_aMechanics of Materials _c/Ferdinand P. Beer |
||
| 250 | _a3rd ed | ||
| 260 |
_aNew York; _bMcGraw-Hill Companies; _c2001 |
||
| 300 |
_axix, 788p. ill; _c26cm |
||
| 942 |
_2lcc _n0 _cBK |
||
| 999 |
_c187 _d187 |
||